logo

MEDICAL ENGLISH CURSO DE INGLES ESPECIAL (Record no. 49489)

MARC details
000 -CABECERA
campo de control de longitud fija 00417nam a2200169Ia 4500
001 - NÚMERO DE CONTROL
campo de control 1619
005 - FECHA Y HORA DE LA ÚLTIMA TRANSACCIÓN
campo de control 20260407083404.0
008 - CÓDIGOS DE INFORMACIÓN DE LONGITUD FIJA
campo de control de longitud fija 260115s9999 xx 000 0 und d
035 ## - NÚMERO DE CONTROL DEL SISTEMA
Número de control de sistema 2003
090 ## - LOCALMENTE ASIGNADO TIPO-LC NÚMERO DE CLASIFICACIÓN (OCLC); NÚMERO DE CLASIFICACIÓN LOCAL (RLIN)
Número de clasificación (OCLC) (R) ; Numero de clasificación CALL (RLIN) (NR) 42
100 ## - PUNTO DE ACCESO PRINCIPAL - NOMBRE DE PERSONA
Nombre de persona VERDAGER TRAVESI JOAQUIN
245 #0 - MENCIÓN DE TÍTULO
Título MEDICAL ENGLISH CURSO DE INGLES ESPECIAL
260 ## - PUBLICACIÓN, DISTRIBUCIÓN, ETC. (PIE DE IMPRENTA)
Lugar de publicación distribución etc. PALMA DE MALLOR
Fecha de publicación distribución etc. 1947
630 ## - PUNTO DE ACCESO ADICIONAL DE MATERIA--TÍTULO UNIFORME
Título uniforme LENGUAS Y DIALECTOS DIVERSOS
650 ## - PUNTO DE ACCESO ADICIONAL DE MATERIA--TÉRMINO DE MATERIA
Término de materia o nombre geográfico como elemento inicial INGLES
942 ## - ELEMENTOS DE PUNTO DE ACCESO ADICIONAL (KOHA)
Tipo de ítem Koha Monografías
Holdings
Estado de retiro Estado de pérdida Estado dañado No para préstamo Código de colección Localización permanente Ubicación/localización actual Ubicación en estantería Fecha de adquisición Enumeración/cronología de publicación seriada Número de inventario Número de registro Total de préstamos Signatura topográfica completa Código de barras Fecha visto por última vez Número de copia Precio válido a partir de Tipo de ítem Koha
          Servicio de Estudios Históricos Servicio de Estudios Históricos     42 257 257   2003 FH_1619 05/02/2026 1 05/02/2026 Monografías